Veldhuis en kemper lyrics (Dutch) - Statistieken

Algemene statistieken
  • Deze quiz is 447 keer genomen
  • De gemiddelde score is 300 van 392
Antwoordstatistieken
Antwoord % Correct
Ik
98%
ik
98%
een
94%
jou
92%
dat
91%
Dat
91%
de
90%
De
90%
was
90%
wou
89%
niet
86%
Gewoon
84%
gewoon
84%
ben
83%
het
83%
en
81%
jij
81%
maar
80%
Maar
80%
dan
77%
wij
77%
dag
76%
altijd
74%
mezelf
74%
keer
73%
juist
71%
alles
70%
ze
70%
zo
70%
mij
69%
wie
68%
man
66%
vrouw
66%
nog
65%
steeds
65%
stoer
65%
eens
64%
macho
64%
nooit
64%
keertje
63%
nono
63%
slik
63%
in
62%
ook
62%
latino
61%
voor
61%
geile
60%
wat
60%
kan
59%
matras
59%
doe
58%
met
58%
broertje
57%
kick
57%
mijn
57%
vrij
57%
wel
57%
bij
56%
meer
56%
praten
56%
zin
56%
klei
55%
pinpas
55%
zekere
55%
hartsvriendin
54%
waarmee
54%
wijnglas
54%
dagje
53%
kussen
53%
noemen
53%
troost
52%
ei
51%
glijer
51%
klankbord
51%
maatje
51%
schouder
51%
stoere
51%
zozo
51%
honing
50%
jury
50%
beetje
49%
coole
49%
dikke
49%
Niro
49%
uit
49%
regen
48%
zacht
47%
sprei
46%
die
45%
kei
45%
drup
44%
klein
42%
bed
41%
Idols
41%
kiezel
41%
eenzaam
39%
tenzij
38%
club
37%
Jim
37%
pastei
36%
gastvrij
35%
mits
35%
kind
32%
ragout
32%
tij
32%
voogdij
32%
modder
31%
allebei
30%
maan
30%
alleen
28%
gesloten
27%
konijn
26%
plank
26%
strijk
26%
ver
26%
dichtbij
22%
karwei
22%
klus
21%
knuffel
21%
loodvrij
20%
super
18%
Geen overeenkomende quizzen gevonden
Scoreverdeling
Procent van Mensen met Elke Score
Percentiel versus Aantal Correcte Antwoorden
Uw Scoregeschiedenis
U heeft deze quiz nog niet genomen